Statistiques concernant Top 15 des pays avec les décès de Covid-19 - 29 mar 2021

Cliquez ici pour prendre le quiz!

Statistiques générales

  • Ce quiz a été pris 22 fois
  • Le résultat moyen est 16 sur 25

Statistiques - réponses

pays% Correct
Brésil
95%
France
95%
Allemagne
90%
Espagne
90%
Etats-Unis
90%
Inde
90%
Italie
90%
Mexique
90%
Royaume-Uni
90%
Russie
90%
Argentine
81%
Pologne
76%
Portugal
76%
Belgique
71%
Hongrie
52%
Colombie
48%
Afrique du Sud
43%
Pérou
43%
Slovaquie
43%
Tchèquie
43%
Iran
38%
Slovénie
38%
Bulgarie
29%
Macédoine du Nord
10%
Bosnie-Herzégovine
5%

Distribution des résultats

Percentile par nombre de réponses

% des personnes avec chaque résultat

Votre développement - résultats

Vous n’avez pas pris ce quiz